[Event "Høstturneringa (Alta)"]
[Site "Park Hotell"]
[Date "2010.09.08"]
[Round "1"]
[White "Wiggen, Oscar"]
[Black "Mikalsen, Odd Erling"]
[Result "0-1"]
[WhiteElo "1001"]
[BlackElo "1759"]
[PlyCount "48"]
[EventDate "2010.??.??"]

1. e4 c5 2. Nc3 g6 3. Nf3 Nc6 4. Bb5 Bg7 5. Bxc6 bxc6 6. O-O Nf6 7. Re1 O-O 8.
Ng5 d5 9. h3 d4 10. e5 dxc3 11. exf6 cxb2 12. Bxb2 exf6 13. Nf3 Rb8 14. Rb1 Qd5
15. a4 Qa2 16. Qc1 Qxa4 17. Re7 Be6 18. d4 c4 19. c3 Qb3 20. d5 Bxd5 21. Nd4
Qa2 22. Qc2 c5 23. Rd7 cxd4 24. Rxd5 dxc3 
0-1

[Event "Høstturneringa (Alta)"]
[Site "Park Hotell"]
[Date "2010.09.08"]
[Round "1"]
[White "Mikalsen, Harald"]
[Black "Pylvinen, Aki"]
[Result "1-0"]
[WhiteElo "1700"]
[BlackElo "867"]
[PlyCount "81"]
[EventDate "2010.??.??"]

1. e4 e5 2. d4 exd4 3. Qxd4 Nc6 4. Qe3 d6 5. Bd3 Nf6 6. h3 Ne5 7. f4 Nxd3+ 8.
cxd3 Be7 9. Nf3 h6 10. O-O b6 11. Nc3 O-O 12. Bd2 d5 13. e5 Nh5 14. Kh2 c5 15.
g4 d4 16. Qe4 Ba6 17. Nd5 Bb7 18. Nxe7+ Qxe7 19. Qe2 Nf6 20. g5 Bxf3 21. Qxf3
hxg5 22. exf6 Qxf6 23. fxg5 Qxf3 24. Rxf3 Rfe8 25. Raf1 Re2+ 26. R1f2 Rae8 27.
Rxf7 Rxf2+ 28. Rxf2 Re7 29. h4 a5 30. h5 Ra7 31. b3 b5 32. Rf5 c4 33. bxc4 bxc4
34. dxc4 Re7 35. Bxa5 d3 36. g6 d2 37. Rd5 Re2+ 38. Kg3 Kf8 39. Rxd2 Re3+ 40.
Kf4 Ra3 41. Bb4+ 
1-0

[Event "Høstturneringa (Alta)"]
[Site "Park Hotell"]
[Date "2010.09.08"]
[Round "1"]
[White "Johansen, Svein"]
[Black "Brasøy, Aksel"]
[Result "0-1"]
[WhiteElo "1128"]
[BlackElo "1917"]
[PlyCount "86"]
[EventDate "2010.??.??"]

1. e4 c5 2. Bc4 e6 3. d3 a6 4. Nf3 Nc6 5. Nc3 Nf6 6. Bg5 Be7 7. O-O d6 8. d4
cxd4 9. Nxd4 O-O 10. Nf3 b5 11. Bb3 b4 12. Ba4 Bb7 13. Ne2 Nxe4 14. Bxc6 Bxc6
15. Bxe7 Qxe7 16. Qd4 a5 17. Nf4 Qf6 18. Nh5 Qxd4 19. Nxd4 Rac8 20. a3 Bd7 21.
axb4 axb4 22. Ra6 e5 23. Re1 Nc5 24. Rxd6 exd4 25. Re5 Rfe8 26. f4 Rxe5 27.
fxe5 Bg4 28. Ng3 Ne6 29. h3 Bd1 30. Nf5 Rd8 31. Rxd8+ Nxd8 32. Nxd4 Ne6 33. c3
Nxd4 34. cxd4 Bb3 35. Kf2 Kf8 36. Ke2 Ke7 37. Ke3 Ke6 38. g4 g5 39. Ke4 Bd5+
40. Kd3 Bg2 41. Kc4 Bxh3 42. Kxb4 Bxg4 43. Kc5 Bf3 
0-1

[Event "Høstturneringa (Alta)"]
[Site "Park Hotell"]
[Date "2010.09.08"]
[Round "1"]
[White "Rist, Karl-Johan"]
[Black "Johansen, Fredrik"]
[Result "1-0"]
[WhiteElo "1326"]
[BlackElo "719"]
[PlyCount "31"]
[EventDate "2010.??.??"]

1. d4 d5 2. c4 e6 3. Nc3 c5 4. Nf3 Bd6 5. dxc5 Bxc5 6. cxd5 Nf6 7. Bg5 Be7 8.
e4 exd5 9. e5 Nfd7 10. Bxe7 Qxe7 11. Nxd5 Qe6 12. Nc7+ Ke7 13. Nxe6 Kxe6 14.
Qd6+ Kf5 15. Bd3+ Kf4 16. Qd4# 
1-0

[Event "Høstturneringa (Alta)"]
[Site "Park Hotell"]
[Date "2010.09.15"]
[Round "2"]
[White "Mikalsen, Odd Erling"]
[Black "Arild, Steinar"]
[Result "1-0"]
[WhiteElo "1759"]
[BlackElo "1154"]
[PlyCount "59"]
[EventDate "2010.??.??"]

1. e4 e6 2. Nf3 d5 3. exd5 exd5 4. d4 Nf6 5. Bg5 Be7 6. Bd3 Ne4 7. Bxe7 Qxe7 8.
O-O O-O 9. Re1 Bg4 10. Nbd2 f5 11. c4 c6 12. Qb3 Qd7 13. cxd5 cxd5 14. Nxe4
fxe4 15. Ne5 Qd6 16. Bxe4 Be6 17. Bc2 Nc6 18. Rad1 Na5 19. Qg3 Nc6 20. Bxh7+
Kxh7 21. Qg6+ Kg8 22. Ng4 Rae8 23. Re3 Qd7 24. Rde1 Nxd4 25. Ne5 Rf6 26. Qxf6
Qc8 27. Rg3 Nf5 28. Rg5 Rf8 29. Qg6 Qd8 30. Qxe6+ 
1-0

[Event "Høstturneringa (Alta)"]
[Site "Park Hotell"]
[Date "2010.09.15"]
[Round "2"]
[White "Brasøy, Aksel"]
[Black "Mikalsen, Harald"]
[Result "1-0"]
[WhiteElo "1917"]
[BlackElo "1700"]
[PlyCount "69"]
[EventDate "2010.??.??"]

1. e4 e5 2. Nf3 Nc6 3. Bb5 a6 4. Ba4 d6 5. c3 Nf6 6. d4 b5 7. Bb3 Bg4 8. Be3
Nxe4 9. Bd5 Qd7 10. Bxe4 d5 11. Bc2 e4 12. h3 exf3 13. hxg4 fxg2 14. Rg1 h5 15.
Qf3 hxg4 16. Qxg2 f5 17. Rh1 Rxh1+ 18. Qxh1 Qe6 19. Kd1 O-O-O 20. a4 b4 21. Bd3
Na5 22. Nd2 b3 23. Qf1 Kb7 24. Bf4 c5 25. Qe2 Qxe2+ 26. Kxe2 Re8+ 27. Kf1 g6
28. Re1 Rxe1+ 29. Kxe1 c4 30. Bf1 Be7 31. Bg2 Kc6 32. f3 g5 33. Be5 g3 34. f4
g4 35. Kd1 
1-0

[Event "Høstturneringa (Alta)"]
[Site "Park Hotell"]
[Date "2010.09.15"]
[Round "2"]
[White "Johansen, Fredrik"]
[Black "Johansen, Svein"]
[Result "0-1"]
[WhiteElo "719"]
[BlackElo "1128"]
[PlyCount "26"]
[EventDate "2010.??.??"]

1. d4 d6 2. e3 Bf5 3. Nf3 c5 4. c4 Nf6 5. Nc3 Nc6 6. Be2 e5 7. d5 Nb4 8. O-O
Nc2 9. Rb1 Nb4 10. Ra1 e4 11. Nd2 h5 12. Qc2 Nxc2 13. a3 Nxa1 
0-1

[Event "Høstturneringa (Alta)"]
[Site "Park Hotell"]
[Date "2010.09.15"]
[Round "2"]
[White "Zvanut, Allan"]
[Black "Rist, Karl-Johan"]
[Result "0-1"]
[WhiteElo "1029"]
[BlackElo "1326"]
[PlyCount "56"]
[EventDate "2010.??.??"]

1. e4 e6 2. d3 d5 3. exd5 exd5 4. Nf3 Nf6 5. h3 Bd6 6. Be3 Nc6 7. a3 Qe7 8. Nc3
d4 9. Nxd4 Nxd4 10. Be2 Nf5 11. Qd2 Nxe3 12. fxe3 Bg3+ 13. Kd1 Bf5 14. Rf1 Bg6
15. Bf3 c6 16. e4 Rd8 17. Qe2 O-O 18. Kc1 Qc5 19. Kb1 Be5 20. Nd1 Qd4 21. Ka2
b5 22. Nc3 a5 23. Kb1 Rb8 24. Ra2 b4 25. axb4 Rxb4 26. Rxa5 Qxc3 27. Kc1 Qxb2+
28. Kd1 Bc3 
0-1

[Event "Høstturneringa (Alta)"]
[Site "Park Hotell"]
[Date "2010.09.15"]
[Round "2"]
[White "Estremskikh, Galina"]
[Black "Luostarinen, Asmo"]
[Result "1/2-1/2"]
[WhiteElo "1344"]
[BlackElo "1123"]
[PlyCount "62"]
[EventDate "2010.??.??"]

1. e4 e5 2. f4 d5 3. exd5 exf4 4. Nf3 Nf6 5. Bb5+ c6 6. dxc6 Qe7+ 7. Qe2 Qxe2+
8. Bxe2 Nxc6 9. d4 Bd6 10. O-O O-O 11. c3 Nd5 12. Bd3 h6 13. Nbd2 Be6 14. Ne4
Bc7 15. a3 Nce7 16. c4 Ne3 17. Bxe3 fxe3 18. Rae1 f5 19. Nc5 Bc8 20. Rxe3 Ng6
21. b4 Nf4 22. Rfe1 b6 23. Nb3 Nxd3 24. Rxd3 Bb7 25. c5 Be4 26. Rc3 Rad8 27.
Nbd2 bxc5 28. Nxe4 fxe4 29. Rxe4 Bb8 30. b5 cxd4 31. Rxd4 Rxd4 
1/2-1/2

[Event "Høstturneringa (Alta)"]
[Site "Park Hotell"]
[Date "2010.09.22"]
[Round "3"]
[White "Bakke, Jan Gunnar"]
[Black "Mikalsen, Odd Erling"]
[Result "0-1"]
[WhiteElo "1254"]
[BlackElo "1759"]
[PlyCount "79"]
[EventDate "2010.??.??"]

1. Nf3 c5 2. c4 b6 3. Nc3 Nf6 4. d3 g6 5. e3 Bg7 6. Be2 Bb7 7. O-O Nc6 8. Rb1
h5 9. h4 Qb8 10. e4 Ng4 11. g3 Nd4 12. Nd5 Bxd5 13. cxd5 O-O 14. Bf4 Nxe2+ 15.
Qxe2 d6 16. Rfe1 b5 17. Rbc1 Qb7 18. Nh2 Nf6 19. Nf3 Rac8 20. b3 Rfe8 21. d4
cxd4 22. Rxc8 Rxc8 23. Nxd4 a6 24. Nc6 Qd7 25. Kg2 e6 26. Qd3 exd5 27. exd5
Nxd5 28. Qxd5 Qxc6 29. Qxc6 Rxc6 30. Re8+ Kh7 31. Re7 f6 32. Rd7 Rc2 33. Rxd6
Rxa2 34. Rb6 g5 35. hxg5 fxg5 36. Be3 h4 37. gxh4 gxh4 38. Kh3 Bc3 39. Kxh4 Ba5
40. Rxa6 
0-1

[Event "Høstturneringa (Alta)"]
[Site "Park Hotell"]
[Date "2010.09.22"]
[Round "3"]
[White "Luostarinen, Asmo"]
[Black "Wiggen, Oscar"]
[Result "1-0"]
[WhiteElo "1123"]
[BlackElo "1001"]
[PlyCount "43"]
[EventDate "2010.??.??"]

1. d4 d5 2. Nf3 Nc6 3. e3 Bg4 4. c4 e6 5. Nc3 Bb4 6. Bd2 Nf6 7. Be2 Ne4 8. O-O
h5 9. cxd5 exd5 10. Rc1 Qd7 11. a3 Bd6 12. Nxd5 Bxf3 13. Bxf3 Nxd2 14. Qxd2
O-O-O 15. b4 h4 16. h3 Ne7 17. Nxe7+ Qxe7 18. Rc4 Rh6 19. a4 Rf6 20. Bg4+ Kb8
21. b5 b6 22. a5 
1-0

[Event "Høstturneringa (Alta)"]
[Site "Park Hotell"]
[Date "2010.09.22"]
[Round "3"]
[White "Martinsen, Harald"]
[Black "Brasøy, Aksel"]
[Result "0-1"]
[WhiteElo "1195"]
[BlackElo "1917"]
[PlyCount "77"]
[EventDate "2010.??.??"]

1. d4 Nf6 2. Bf4 e6 3. Nf3 c5 4. e3 b6 5. a3 Bb7 6. c4 Be7 7. Nc3 O-O 8. d5
exd5 9. cxd5 d6 10. e4 a6 11. Bd3 Nbd7 12. O-O b5 13. Re1 Re8 14. Bc2 h6 15.
Qd3 Nf8 16. h3 Ng6 17. Bg3 Nh5 18. e5 Nxg3 19. e6 Nf8 20. exf7+ Kxf7 21. fxg3
Kg8 22. Rf1 Bf6 23. Qf5 Qd7 24. Qd3 c4 25. Qd2 Qc7 26. Rae1 Qc5+ 27. Kh2 Nd7
28. Bf5 Ne5 29. Be6+ Rxe6 30. dxe6 Re8 31. Ne4 Bxe4 32. Rxe4 Rxe6 33. Nxe5 Bxe5
34. Rfe1 Rg6 35. Qe3 Bxg3+ 36. Kh1 Bxe1 37. Qxe1 Kh7 38. Re8 Qc6 39. Qe4 
0-1

[Event "Høstturneringa (Alta)"]
[Site "Park Hotell"]
[Date "2010.09.22"]
[Round "3"]
[White "Lund, Nikolai N"]
[Black "Pylvinen, Aki"]
[Result "0-1"]
[WhiteElo "749"]
[BlackElo "867"]
[PlyCount "66"]
[EventDate "2010.??.??"]

1. e4 e5 2. Nf3 Nf6 3. d3 Nc6 4. b3 Bc5 5. Bb2 d6 6. Nc3 Ng4 7. Qd2 Nxf2 8. Rg1
Ng4 9. Rh1 O-O 10. h3 Be3 11. Qe2 Nd4 12. Nxd4 Qh4+ 13. Kd1 Nf2+ 14. Qxf2 Qxf2
15. Nde2 f5 16. Bc1 Bxc1 17. Rxc1 fxe4 18. Nxe4 Qe3 19. g4 b6 20. Bg2 d5 21.
N4g3 Bb7 22. Nf5 Rxf5 23. gxf5 Rf8 24. Rf1 e4 25. Nc3 exd3 26. cxd3 Qxd3+ 27.
Ke1 Ba6 28. Bxd5+ Kh8 29. Rf2 Qg3 30. Bc4 Bxc4 31. bxc4 Rxf5 32. Ne4 Qe3+ 33.
Re2 Qxc1# 
0-1

[Event "Høstturneringa (Alta)"]
[Site "Park Hotell"]
[Date "2010.09.22"]
[Round "3"]
[White "Mikalsen, Harald"]
[Black "Zvanut, Allan"]
[Result "1-0"]
[WhiteElo "1700"]
[BlackElo "1029"]
[PlyCount "73"]
[EventDate "2010.??.??"]

1. e4 e5 2. Nf3 d6 3. d4 exd4 4. Nxd4 Nf6 5. Bd3 Be7 6. Nc3 a6 7. O-O O-O 8.
Nce2 Bd7 9. Ng3 Nc6 10. Ndf5 Bxf5 11. Nxf5 g6 12. Ng3 Ne5 13. f4 Nxd3 14. cxd3
c5 15. Be3 Qc7 16. Rc1 b6 17. h3 Rac8 18. Qe2 Qb7 19. Qf2 b5 20. b3 a5 21. Rb1
Qc6 22. Rfc1 Nd7 23. f5 Bh4 24. Bh6 Bxg3 25. Qxg3 Rfe8 26. Bf4 Ne5 27. d4 Nd7
28. d5 Qb6 29. Re1 Ne5 30. Bxe5 Rxe5 31. f6 c4+ 32. Kh2 c3 33. Rbc1 b4 34. Qf4
g5 35. Qg4 Rce8 36. Qh5 Qf2 37. Qh6 
1-0

[Event "Høstturneringa (Alta)"]
[Site "Park Hotell"]
[Date "2010.09.29"]
[Round "4"]
[White "Mikalsen, Odd Erling"]
[Black "Luostarinen, Asmo"]
[Result "1-0"]
[WhiteElo "1759"]
[BlackElo "1123"]
[PlyCount "45"]
[EventDate "2010.??.??"]

1. e4 c6 2. d4 d5 3. exd5 cxd5 4. c4 e6 5. Nf3 Nf6 6. Bd3 Nc6 7. O-O b6 8. Nc3
Bb7 9. cxd5 exd5 10. Bb5 Be7 11. Qa4 Qc7 12. Bf4 Bd6 13. Rfe1+ Kf8 14. Be5 a6
15. Bd3 b5 16. Qd1 b4 17. Na4 Re8 18. Rc1 Qd8 19. Bxa6 Na5 20. Bb5 Bxe5 21.
dxe5 Nd7 22. Qd4 Re6 23. Qxb4+ 
1-0

[Event "Høstturneringa (Alta)"]
[Site "Park Hotell"]
[Date "2010.09.29"]
[Round "4"]
[White "Wiggen, Oscar"]
[Black "Lund, Nikolai N"]
[Result "1-0"]
[WhiteElo "1001"]
[BlackElo "749"]
[PlyCount "59"]
[EventDate "2010.??.??"]

1. e4 c5 2. Nf3 Nc6 3. Bb5 a6 4. Bxc6 bxc6 5. O-O g6 6. d3 Bg7 7. Re1 e6 8. c3
Ne7 9. Bg5 O-O 10. Nbd2 d5 11. e5 h6 12. Bf6 Bxf6 13. exf6 Nf5 14. Ne5 Qxf6 15.
b4 Qe7 16. Nxc6 Qc7 17. Ne5 cxb4 18. c4 a5 19. a3 Ba6 20. cxd5 exd5 21. axb4
axb4 22. Rb1 Rfe8 23. Ndf3 Nh4 24. d4 Nxf3+ 25. Qxf3 Rab8 26. Qxd5 Bb7 27. Qa2
Ba8 28. Qd2 Qd6 29. Qa2 Qxd4 30. Qxf7+ 
1-0

[Event "Høstturneringa (Alta)"]
[Site "Park Hotell"]
[Date "2010.09.29"]
[Round "4"]
[White "Pedersen, Birger"]
[Black "Arild, Steinar"]
[Result "1-0"]
[WhiteElo "1130"]
[BlackElo "1154"]
[PlyCount "120"]
[EventDate "2010.??.??"]

1. d4 d5 2. c4 e6 3. Nc3 Nf6 4. e3 Bb4 5. Bd2 O-O 6. Nf3 b6 7. Bd3 Ba6 8. Ne5
dxc4 9. Bxc4 Bxc4 10. Nxc4 Bxc3 11. bxc3 Qd5 12. Qf3 Qxf3 13. gxf3 Nbd7 14. Ke2
c5 15. Rhg1 Rfe8 16. e4 cxd4 17. cxd4 Rec8 18. Rac1 b5 19. Nd6 Rxc1 20. Rxc1 a6
21. Rc7 Rd8 22. Ra7 Nb8 23. Rb7 h6 24. Kd3 Nfd7 25. f4 f6 26. h4 e5 27. Nf5
exd4 28. Rc7 Kh7 29. Nxd4 Nb6 30. Ba5 Rd6 31. Bb4 Rd7 32. Rxd7 N6xd7 33. Bd6
Kg6 34. e5 f5 35. e6 Nf6 36. Bxb8 Kh5 37. Nxf5 Ne8 38. Be5 Kg6 39. f3 Kxf5 40.
e7 Ke6 41. Kd4 Kxe7 42. Kc5 Ke6 43. Kb6 Kd5 44. Kxa6 Kc4 45. Kb7 Kc5 46. Kc8
Nd6+ 47. Kd7 Nf5 48. h5 Kd5 49. Ke8 Ke6 50. Kf8 Ng3 51. Kxg7 Nxh5+ 52. Kxh6 Nf6
53. Kg5 Nd7 54. Bc3 Nc5 55. Kg6 Nd3 56. f5+ Kd7 57. f6 Nf4+ 58. Kf7 Ne6 59. Kg8
Kd6 60. f7 Kd5 
1-0

[Event "Høstturneringa (Alta)"]
[Site "Park Hotell"]
[Date "2010.09.29"]
[Round "4"]
[White "Pylvinen, Aki"]
[Black "Johansen, Svein"]
[Result "0-1"]
[WhiteElo "867"]
[BlackElo "1128"]
[PlyCount "54"]
[EventDate "2010.??.??"]

1. e4 e5 2. Nf3 Nc6 3. a3 b6 4. d4 exd4 5. Nxd4 Nf6 6. Nxc6 dxc6 7. Qxd8+ Kxd8
8. Nc3 Bc5 9. Be3 Bxe3 10. fxe3 Re8 11. O-O-O+ Ke7 12. h3 Kf8 13. Bd3 a5 14. g4
Ba6 15. g5 Nh5 16. Rhg1 f6 17. gxf6 Nxf6 18. Rg3 b5 19. Rdg1 g6 20. Rg5 b4 21.
axb4 axb4 22. Ne2 Nxe4 23. Rf1+ Kg8 24. Rg4 Bxd3 25. cxd3 Ra1+ 26. Kc2 b3+ 27.
Kxb3 Nd2+ 
0-1

[Event "Høstturneringa (Alta)"]
[Site "Park Hotell"]
[Date "2010.09.29"]
[Round "4"]
[White "Estremskikh, Galina"]
[Black "Mikalsen, Harald"]
[Result "0-1"]
[WhiteElo "1344"]
[BlackElo "1700"]
[PlyCount "88"]
[EventDate "2010.??.??"]

1. e4 d5 2. e5 c5 3. c3 a6 4. f4 Nc6 5. Nf3 Bg4 6. Be2 Qb6 7. d3 e6 8. O-O g6
9. h3 Bxf3 10. Bxf3 h5 11. b3 Nge7 12. Kh2 Nf5 13. g4 hxg4 14. Bxg4 Be7 15.
Bxf5 gxf5 16. Rg1 O-O-O 17. Nd2 d4 18. Nc4 Qc7 19. Bd2 b5 20. Nb2 dxc3 21. Bxc3
b4 22. Bd2 Nxe5 23. Qe2 Nc6 24. Rac1 Kb8 25. Be3 Nd4 26. Qf1 Qb7 27. Bxd4 Rxd4
28. Rg3 Bd6 29. Rf3 Qc7 30. Rc4 e5 31. Rxd4 cxd4 32. Nc4 e4 33. dxe4 fxe4 34.
Rf2 f5 35. Nxd6 Qxd6 36. Qe1 d3 37. Qd2 Re8 38. Re2 Qc5 39. Re3 Qc2 40. Qxc2
dxc2 41. Re1 Rd8 42. Rc1 e3 43. Kg2 e2 44. Kf2 Rd1 
0-1

[Event "Høstturneringa (Alta)"]
[Site "Park Hotell"]
[Date "2010.09.29"]
[Round "4"]
[White "Johansen, Fredrik"]
[Black "Zvanut, Allan"]
[Result "0-1"]
[WhiteElo "719"]
[BlackElo "1029"]
[PlyCount "46"]
[EventDate "2010.??.??"]

1. e4 e5 2. Nf3 d6 3. g3 Nc6 4. Bg2 Nf6 5. O-O Nxe4 6. d3 Nf6 7. Be3 h6 8. Nc3
Be7 9. Nd2 d5 10. Ne2 d4 11. Bxc6+ bxc6 12. Bxd4 exd4 13. c3 dxc3 14. Nxc3 Qxd3
15. Re1 Be6 16. Re3 Qd7 17. Qf3 O-O 18. Rd1 Bd5 19. Qf4 Rab8 20. b3 Rb4 21. Qe5
Bd6 22. Qxd5 cxd5 23. Rde1 d4 
0-1

[Event "Høstturneringa (Alta)"]
[Site "Park Hotell"]
[Date "2010.10.06"]
[Round "5"]
[White "Arild, Steinar"]
[Black "Pylvinen, Aki"]
[Result "1-0"]
[WhiteElo "1154"]
[BlackElo "867"]
[PlyCount "57"]
[EventDate "2010.??.??"]

1. e4 Nc6 2. Bc4 e6 3. Nc3 a6 4. a3 Be7 5. d3 b5 6. Ba2 Nf6 7. Nf3 h6 8. Be3
Ng4 9. Bf4 d6 10. h3 Nxf2 11. Kxf2 e5 12. Be3 g5 13. Qf1 h5 14. Ke2 O-O 15. Nd5
g4 16. Nxe7+ Qxe7 17. Ng5 Be6 18. hxg4 Bxg4+ 19. Kd2 Rad8 20. Bd5 Nd4 21. Nh3
Kg7 22. Bxd4 exd4 23. Qf2 c5 24. Raf1 Be6 25. Qg3+ Bg4 26. Rf4 f5 27. Nf2 fxe4
28. Rxg4+ hxg4 29. Qxg4+ 
1-0

[Event "Høstturneringa (Alta)"]
[Site "Park Hotell"]
[Date "2010.10.06"]
[Round "5"]
[White "Johansen, Svein"]
[Black "Mikalsen, Harald"]
[Result "0-1"]
[WhiteElo "1128"]
[BlackElo "1700"]
[PlyCount "38"]
[EventDate "2010.??.??"]

1. d4 d5 2. b3 Nf6 3. Ba3 g6 4. e3 Bg7 5. Bd3 O-O 6. Ne2 Re8 7. O-O Nbd7 8. c4
e5 9. Bb2 exd4 10. Nxd4 c5 11. Nf3 Nb6 12. h3 dxc4 13. bxc4 Be6 14. Na3 Qe7 15.
Qc2 Bd7 16. Nb5 a6 17. Nc3 Bc6 18. Nd2 Rad8 19. e4 Qd6 
0-1

[Event "Høstturneringa (Alta)"]
[Site "Park Hotell"]
[Date "2010.10.06"]
[Round "5"]
[White "Luostarinen, Asmo"]
[Black "Bakke, Jan Gunnar"]
[Result "1-0"]
[WhiteElo "1123"]
[BlackElo "1254"]
[PlyCount "83"]
[EventDate "2010.??.??"]

1. d4 d5 2. c4 e6 3. Nc3 Nf6 4. Nf3 Nc6 5. e3 Be7 6. a4 O-O 7. Bd3 Nb4 8. Bb1
a5 9. O-O c6 10. Qe2 b6 11. b3 Ba6 12. Rd1 Rc8 13. Bd2 Qc7 14. Na2 Rfd8 15.
Nxb4 axb4 16. Bd3 Ne4 17. Rac1 Nxd2 18. Rxd2 c5 19. cxd5 Bxd3 20. Qxd3 Rxd5 21.
e4 Rdd8 22. Rc4 Qb7 23. h4 h6 24. Ne5 cxd4 25. Rxc8 Rxc8 26. Nf3 Rc1+ 27. Kh2
Qc7+ 28. g3 Rc3 29. Qe2 e5 30. Qd1 Rc1 31. Qe2 Qc3 32. Nxe5 Bf6 33. Nd3 Qxb3
34. Nxc1 Qxa4 35. e5 Be7 36. Rxd4 Bc5 37. Rd8+ Kh7 38. Qe4+ g6 39. h5 Qa1 40.
hxg6+ fxg6 41. Rd7+ Kg8 42. Qxg6+ 
1-0

[Event "Høstturneringa (Alta)"]
[Site "Park Hotell"]
[Date "2010.10.06"]
[Round "5"]
[White "Brasøy, Aksel"]
[Black "Rist, Karl-Johan"]
[Result "1-0"]
[WhiteElo "1917"]
[BlackElo "1326"]
[PlyCount "71"]
[EventDate "2010.??.??"]

1. e4 e6 2. d4 d5 3. Nc3 Bb4 4. e5 c5 5. a3 cxd4 6. Qxd4 Nc6 7. Qg4 Bxc3+ 8.
bxc3 Nxe5 9. Qxg7 Ng6 10. Qd4 e5 11. Bb5+ Bd7 12. Qxd5 Nf6 13. Bxd7+ Nxd7 14.
Nf3 Qc7 15. O-O O-O 16. Bg5 Kg7 17. Rfd1 Nb6 18. Qd2 Nf4 19. Nxe5 Qxe5 20. Bxf4
Qh5 21. Qd4+ f6 22. Rd3 Rae8 23. Bc7 Qe2 24. h3 Qxc2 25. Rg3+ Kf7 26. Bxb6 axb6
27. Qd5+ Re6 28. Re1 Rfe8 29. Rge3 Kg7 30. Rxe6 Rxe6 31. Qxe6 Qxc3 32. Qg4+ Kf7
33. Qh5+ Kg8 34. Re8+ Kg7 35. Re7+ Kf8 36. Qe8# 
1-0

[Event "Høstturneringa (Alta)"]
[Site "Park Hotell"]
[Date "2010.10.06"]
[Round "5"]
[White "Hestvik, Johan"]
[Black "Johansen, Fredrik"]
[Result "1-0"]
[WhiteElo "761"]
[BlackElo "719"]
[PlyCount "77"]
[EventDate "2010.??.??"]

1. e4 c5 2. Nf3 e6 3. Nc3 Nf6 4. Bc4 Nc6 5. d3 d5 6. exd5 exd5 7. Bb5 Bd7 8.
O-O Bd6 9. Bg5 d4 10. Ne4 Be7 11. Bxf6 Bxf6 12. Nxc5 a6 13. Nxd7 Qxd7 14. Bc4
b5 15. Re1+ Be7 16. Bb3 O-O 17. c3 dxc3 18. bxc3 Bf6 19. Rc1 g6 20. d4 Bg7 21.
d5 Ne7 22. Ne5 Qd6 23. Nc6 Nxc6 24. dxc6 Qxc6 25. Bd5 Rad8 26. Bxc6 Rxd1 27.
Rexd1 Rc8 28. Bb7 Rc5 29. Bxa6 Rh5 30. c4 bxc4 31. Rxc4 Be5 32. f4 Bg7 33. Rd8+
Bf8 34. Rcc8 Ra5 35. Rxf8+ Kg7 36. Bc4 Ra4 37. Rxf7+ Kh6 38. Bd3 Rd4 39. Be2
1-0

[Event "Høstturneringa (Alta)"]
[Site "Park Hotell"]
[Date "2010.10.13"]
[Round "6"]
[White "Mikalsen, Odd Erling"]
[Black "Brasøy, Aksel"]
[Result "0-1"]
[WhiteElo "1759"]
[BlackElo "1917"]
[PlyCount "96"]
[EventDate "2010.??.??"]

1. e4 c6 2. Nc3 d5 3. d4 dxe4 4. Nxe4 Bf5 5. Ng3 Bg6 6. Nf3 Nd7 7. h4 h6 8. Bc4
e6 9. Bf4 Qa5+ 10. c3 Ngf6 11. Qe2 Be7 12. O-O Nd5 13. Bd2 Qc7 14. Rfe1 O-O 15.
Ne5 Nxe5 16. dxe5 Bxh4 17. Qg4 Bxg3 18. Qxg3 Rad8 19. Re2 Ne7 20. Bf4 Rd7 21.
Rd2 Rxd2 22. Bxd2 Rd8 23. Bf4 Qb6 24. b3 Rd7 25. Be3 Qd8 26. Qg4 Bf5 27. Qg3
Rd1+ 28. Rxd1 Qxd1+ 29. Kh2 b5 30. Bxa7 bxc4 31. Qe3 cxb3 32. axb3 Qxb3 33. Qc5
Qb7 34. Bb6 Nd5 35. Ba5 Ne7 36. f3 Ng6 37. Bb4 Qb5 38. Qxb5 cxb5 39. Bd6 Nf4
40. Bb4 Nd5 41. Ba5 h5 42. Kg3 g5 43. Kf2 Kh7 44. Ke2 Kg6 45. Kd2 h4 46. Bd8
Nf4 47. g3 hxg3 48. Ba5 g2 
0-1

[Event "Høstturneringa (Alta)"]
[Site "Park Hotell"]
[Date "2010.10.13"]
[Round "6"]
[White "Lund, Nikolai N"]
[Black "Arild, Steinar"]
[Result "0-1"]
[WhiteElo "749"]
[BlackElo "1154"]
[PlyCount "80"]
[EventDate "2010.??.??"]

1. e4 e6 2. Nf3 d5 3. Bb5+ c6 4. Bd3 a6 5. exd5 cxd5 6. Ne5 Bd6 7. Qh5 Bxe5 8.
Qxe5 Nf6 9. b3 Nc6 10. Qg5 O-O 11. Bb2 h6 12. Qh4 d4 13. O-O e5 14. Rd1 Re8 15.
c3 dxc3 16. dxc3 Qb6 17. Nd2 Nd5 18. Qe4 Nf6 19. Qh4 Ne7 20. Nc4 Qc7 21. Nd6
Rd8 22. Nxc8 Raxc8 23. Bc2 Rxd1+ 24. Rxd1 Rd8 25. Rxd8+ Qxd8 26. h3 Qd2 27. Ba3
Nc6 28. Be4 Qe1+ 29. Kh2 Qxe4 30. Qxe4 Nxe4 31. Bb2 Nxf2 32. c4 Nd3 33. Ba3 e4
34. Kg1 f5 35. Kf1 Kf7 36. g3 Kf6 37. Ke2 Nce5 38. Ke3 h5 39. Bd6 g6 40. b4
Nxc4+ 
0-1

[Event "Høstturneringa (Alta)"]
[Site "Park Hotell"]
[Date "2010.10.13"]
[Round "6"]
[White "Mikalsen, Harald"]
[Black "Luostarinen, Asmo"]
[Result "1-0"]
[WhiteElo "1700"]
[BlackElo "1123"]
[PlyCount "69"]
[EventDate "2010.??.??"]

1. e4 c5 2. Nf3 Nc6 3. d4 cxd4 4. Nxd4 Nf6 5. Nc3 d6 6. Bb5 Bd7 7. O-O e6 8.
Be3 Be7 9. Qe2 a6 10. Bxc6 Bxc6 11. Nxc6 bxc6 12. f3 O-O 13. Rfd1 Nd7 14. Na4
Qc7 15. Qf2 Rfb8 16. b3 Rb7 17. c4 Rd8 18. Rac1 c5 19. Qg3 Nf8 20. Rc2 Qb8 21.
Bd2 Rdd7 22. Bc3 Ng6 23. Rcd2 Qd8 24. f4 Bh4 25. Qg4 Be7 26. g3 Bf8 27. h4 h6
28. h5 Ne7 29. f5 exf5 30. exf5 Nc6 31. f6 Ne5 32. Bxe5 dxe5 33. Rxd7 Rxd7 34.
Qxd7 Qxf6 35. Rf1 
1-0

[Event "Høstturneringa (Alta)"]
[Site "Park Hotell"]
[Date "2010.10.13"]
[Round "6"]
[White "Rist, Karl-Johan"]
[Black "Johansen, Svein"]
[Result "1-0"]
[WhiteElo "1326"]
[BlackElo "1128"]
[PlyCount "77"]
[EventDate "2010.??.??"]

1. d4 d5 2. Nf3 g6 3. c4 Nf6 4. Nc3 dxc4 5. e4 Bg7 6. Bxc4 Bg4 7. Qb3 Bxf3 8.
Bxf7+ Kf8 9. gxf3 Nc6 10. Be3 a5 11. Bc4 Nh5 12. O-O-O Rb8 13. e5 Qc8 14. Be6
Qe8 15. f4 Bh6 16. Ne4 Nxf4 17. Bc4 Nb4 18. Kb1 b5 19. Be6 g5 20. Bxf4 gxf4 21.
Qh3 Qg6 22. Bf5 Qb6 23. Be6 Bg7 24. Qf5+ Ke8 25. Nc5 Kd8 26. Bd5 Qg6 27. Ne6+
Ke8 28. Be4 Qxf5 29. Nxg7+ Kf8 30. Nxf5 a4 31. e6 h5 32. Rhg1 Na6 33. Rg7 c5
34. Rf7+ Ke8 35. Rxe7+ Kd8 36. d5 Nc7 37. d6 Ne8 38. Rd7+ Kc8 39. Ne7# 
1-0

[Event "Høstturneringa (Alta)"]
[Site "Park Hotell"]
[Date "2010.10.13"]
[Round "6"]
[White "Zvanut, Allan"]
[Black "Estremskikh, Galina"]
[Result "0-1"]
[WhiteElo "1029"]
[BlackElo "1344"]
[PlyCount "76"]
[EventDate "2010.??.??"]

1. e4 c5 2. Bc4 Nc6 3. d3 e6 4. Nc3 a6 5. Nf3 b5 6. Bb3 Bb7 7. a3 Nge7 8. Be3
Ng6 9. O-O Be7 10. Qd2 O-O 11. Ne2 e5 12. c3 Na5 13. Nc1 Nxb3 14. Nxb3 d6 15.
c4 bxc4 16. Na5 Rb8 17. Nxc4 f5 18. Qc2 f4 19. Bd2 Nh4 20. Nxh4 Bxh4 21. f3 g5
22. Be1 Bxe1 23. Raxe1 Rf6 24. h3 Bc8 25. Rb1 h5 26. b4 cxb4 27. Rxb4 Rxb4 28.
axb4 g4 29. Kh2 Rg6 30. Qa2 Kh7 31. Qd2 Qh4 32. Qe1 g3+ 33. Kg1 Bxh3 34. gxh3
Qxh3 35. Qe2 g2 36. Re1 Qh1+ 37. Kf2 g1=Q+ 38. Rxg1 Qxg1# 
0-1

[Event "Høstturneringa (Alta)"]
[Site "Park Hotell"]
[Date "2010.10.20"]
[Round "7"]
[White "Brasøy, Aksel"]
[Black "Mikalsen, Odd Erling"]
[Result "0-1"]
[WhiteElo "1917"]
[BlackElo "1759"]
[PlyCount "88"]
[EventDate "2010.??.??"]

1. e4 e5 2. Nf3 Nc6 3. Bb5 f5 4. d3 d6 5. O-O Nf6 6. Re1 fxe4 7. dxe4 Bg4 8.
Nc3 Be7 9. Qd3 O-O 10. Ng5 Qe8 11. Be3 Kh8 12. Bc4 Qg6 13. f3 Bd7 14. Be6 Nb4
15. Qe2 h6 16. Bxd7 Nxd7 17. Nh3 Rf7 18. f4 Nf6 19. f5 Qg4 20. Qc4 d5 21. Qb3
Nxc2 22. Qxc2 d4 23. Nf2 Qh5 24. Bd2 dxc3 25. Bxc3 Bc5 26. Kh1 Re8 27. Rad1 Qh4
28. Nh3 Ng4 29. Qd3 Rf6 30. Qb5 Rc6 31. Qxb7 Rd6 32. Qb5 Red8 33. Rxd6 cxd6 34.
Qd3 Rb8 35. Qg3 Qh5 36. b3 Rc8 37. Qf3 Bb6 38. b4 Bf2 39. Rd1 Bd4 40. Bxd4 exd4
41. Rxd4 Rc1+ 42. Rd1 Rxd1+ 43. Qxd1 Qxh3 44. Qxd6 Qe3 
0-1